Normal view
MARC view
- الائمة الاربعة-المذاهب الفقهية
Entry Topical Term
001 - CONTROL NUMBER
- control field: 19957
003 - CONTROL NUMBER IDENTIFIER
- control field: JO-AjAnu
005 - DATE AND TIME OF LATEST TRANSACTION
- control field: 20230606073459.0
008 - FIXED-LENGTH DATA ELEMENTS
- fixed length control field: 230606|| aca||aabn | a|a d
040 ## - CATALOGING SOURCE
- Original cataloging agency: JO-AjAnu
- Transcribing agency: JO-AjAnu
150 ## - HEADING--TOPICAL TERM
- Topical term or geographic name entry element: الائمة الاربعة-المذاهب الفقهية
670 ## - SOURCE DATA FOUND
- Source citation: Work cat.: (JO-AjAnu)10246: الشرباصي،أحمد, author 19956, الأئمة الأربعة :أبو حنيفة-مالك بن أنس-الشافعي-أحمد بن حنبل